Spadkowicze w Premier League w XXI w. - Statystyki

Ogólne statystyki
  • Ten quiz został rozwiązany 1 602 razy
  • Średni wynik to 34 z 56
Statystyki odpowiedzi
Hint Odpowiedź % Poprawnych
2013/14 Fulham
81%
2018/19 Fulham
81%
2015/16 Aston Villa
80%
2003/04 Leeds United
78%
2004/05 Norwich
78%
2013/14 Norwich
78%
2015/16 Norwich
78%
2002/03 Sunderland
74%
2005/06 Sunderland
74%
2016/17 Sunderland
74%
2014/15 Hull City
73%
2016/17 Hull City
73%
2001/02 Leicester City
73%
2003/04 Leicester City
73%
2013/14 Cardiff City
71%
2018/19 Huddersfield Town
71%
2002/03 West Bromwich Albion
70%
2005/06 West Bromwich Albion
70%
2008/09 West Bromwich Albion
70%
2017/18 West Bromwich Albion
70%
2002/03 West Ham United
70%
2010/11 West Ham United
70%
2008/09 Newcastle United
69%
2015/16 Newcastle United
69%
2004/05 Southampton
68%
2017/18 Swansea
68%
2003/04 Wolverhampton Wanderers
68%
2011/12 Wolverhampton Wanderers
68%
2009/10 Burnley
63%
2014/15 Burnley
63%
2017/18 Stoke City
63%
2011/12 Blackburn Rovers
60%
2001/02 Derby County
60%
2007/08 Derby County
60%
2006/07 Watford
60%
2012/13 Queens Park Rangers
59%
2014/15 Queens Park Rangers
59%
2000/01 Manchester City
57%
2004/05 Crystal Palace
56%
2011/12 Bolton Wanderers
54%
2005/06 Birmingham
50%
2007/08 Birmingham
50%
2010/11 Birmingham
50%
2008/09 Middlesbrough
47%
2006/07 Sheffield United
47%
2016/17 Middlesbrough
46%
2009/10 Portsmouth
46%
2012/13 Wigan Athletic
44%
2001/02 Ipswich Town
39%
2007/08 Reading
38%
2012/13 Reading
38%
2010/11 Blackpool
33%
2006/07 Charlton Athletic
31%
2009/10 Hull City
27%
2000/01 Coventry City
22%
2000/01 Bradford City
13%
Nie znaleziono quizów pasujących do podanych kryteriów
Rozkład punktacji
Procent ludzi z każdym wynikiem
Percentyl według liczby udzielonych odpowiedzi
Twoja historia wyników
Nie rozwiązałeś tego quizu